| 000 | 00575nam a2200181 i 4500 | ||
|---|---|---|---|
| 001 | 119149 | ||
| 003 | ES-MaACL | ||
| 005 | 20230906191241.0 | ||
| 007 | t| | ||
| 008 | 150909s1947 ag r ||||1| spa d | ||
| 100 | 1 |
_aDeutsch, Helene. _9157415 |
|
| 245 | 1 | 3 |
_aLa psicología de la mujer / _cHelene Deutsch ; [traducción directa del inglés por Felipe Jiménez de Asúa]. |
| 260 |
_aBuenos Aires : _bLosada, _c1947. |
||
| 300 |
_a359 p. ; _c23 cm. |
||
| 650 | 0 | 4 |
_aMujeres- _xPsicología. _915309 |
| 700 | 0 |
_aJiménez de Asúa, Felipe. _966490 |
|
| 852 |
_aES-MaACL _jD-7242 |
||
| 999 |
_c119149 _d119149 |
||